SART SHRICARAK SAMHITA-14 (Record no. 1183947)

MARC details
000 -LEADER
fixed length control field 00376nam a2200169Ia 4500
008 - FIXED-LENGTH DATA ELEMENTS--GENERAL INFORMATION
fixed length control field 240830s1913 xx 000 0 und d
041 ## - LANGUAGE CODE
Language code of text/sound track or separate title mar
082 ## - DEWEY DECIMAL CLASSIFICATION NUMBER
Classification number 1
100 ## - MAIN ENTRY--PERSONAL NAME
Personal name PADHE
245 ## - TITLE STATEMENT
Title SART SHRICARAK SAMHITA-14
250 ## - EDITION STATEMENT
Edition statement 1
260 ## - PUBLICATION, DISTRIBUTION, ETC.
Place of publication, distribution, etc. SANGAI
Name of publisher, distributor, etc. N.D.
Date of publication, distribution, etc. 1913
300 ## - PHYSICAL DESCRIPTION
Extent 100p
440 ## - SERIES STATEMENT/ADDED ENTRY--TITLE
Volume/sequential designation IV
906 ## - LOCAL DATA ELEMENT F, LDF (RLIN)
a SART SHRICARAK SAMHITA-14

No items available.